LEADER 02082nam a2200397 a 4500 001 000000124961 003 CaOOAMICUS 005 20110408094928.0 008 110408s2008 it fha u000 u ita r 020 $a978-88-87948-23-3 (v. 1-2) 040 $aPUL$bita 041 0 $aita$alat 082 04$a274.539 100 1 $aScalon, Cesare.$0(OLS)http://pul/name/21388 245 12$aI libri degli anniversari di Cividale del Friuli /$cCesare Scalon. 260 $aRoma :$bIstituto storico italiano per il Medio Evo,$c2008$aUdine :$bIstituto Pio Paschini 300 $a3 v. :$btav., ill., facsim. ;$c24 cm 490 1 $aFonti per la storia della Chiesa in Friuli. Serie medievale ;$v5-6 490 1 $aIstituto Storico Italiano per il Medio Evo. Fonti ;$v5-6 500 $aContiene indici. 504 $aBibliografia in nota. 546 $aTesto latino, note e indici in italiano. 651 4$aCividale del Friuli$xStoria ecclesiastica.$0(OLS)http://pul/subject/37543 710 2 $aIstituto Pio Paschini per la storia della chiesa (Udine, Italy).$0(OLS)http://pul/name/21389 830 0$aFonti per la storia della Chiesa in Friuli.$pSerie medievale ;$v5-6.$0(OLS)http://pul/title/157536 830 0$aIstituto Storico Italiano per il Medio Evo.$pFonti ;$v5-6.$0(OLS)http://pul/title/157537 850 $aPUL 852 $aPUL$W1$xDP2 Religione 3$y114$m274. 539 IPP 2.5$j143860$av. 1$qDDC 21$B142911$CPULBib$Z2$F142911 $H116645 $82 852 $aPUL$W1$xDP2 Religione 3$y114$m274. 539 IPP 2.6$j143861$av. 2$qDDC 21$B142912$CPULBib$Z2$F142912 $H116646 $82 941 1 $a9 996 $6020$a978-88-87948-23-3 (v. 1-2)$9(OLS)http://pul/number/146871 996 $6082$a274.539$9(OLS)http://pul/classification/1950 996 $6245$aI libri degli anniversari di Cividale del Friuli$9(OLS)http://pul/title/157538 996 $6260$aRoma :$bIstituto storico italiano per il Medio Evo$9(OLS)http://pul/publisher/49609 996 $6260$aUdine :$bIstituto Pio Paschini$9(OLS)http://pul/publisher/59052 LEADER 01003nam a2200265 a 4500 001 000000154340 003 CaOOAMICUS 005 20160927151137.0 008 160927s1959 it u000 u ita u 032 $aLibriCat 040 $aPUL$bita 100 1 $aBalladore Pallieri, Giorgio,$d1905-1980.$0(OLS)http://pul/name/17792 245 10$aDiritto costituzionale /$cG. Balladore Pallieri. 250 $aSesta edizione. 260 $aMilano :$bA. Giuffrè,$c1959. 300 $axii, 417 p. ;$c23 cm. 490 1 $aManuali Giuffrè 650 4$aDiritto processuale penale.$0(OLS)http://pul/subject/3721 830 0$aManuali Giuffrè.$0(OLS)http://pul/title/54204 850 $aPUL 852 $aPUL$W1$xDP1 Fondo G. Barberini$y122$m4 F 99$j177402$qFondi$B180372$CPULBib$Z2$F180372 $HBar1015 $81 941 1 $a1 996 $6245$aDiritto costituzionale$9(OLS)http://pul/title/51319 996 $6260$aMilano :$bA. Giuffrè$9(OLS)http://pul/publisher/48096